A-Z Famous People - Italy - Statistics

General Stats
  • This quiz has been taken 137 times
  • The average score is 11 of 26
Answer Stats
Picture Hint Answer % Correct
C - Explorer & Navigator Christopher Columbus
95%
G - Astronomer & Physicist Galileo Galilei
93%
D - Polymath Leonardo da Vinci
85%
F - Racing Driver & Entrepreneur Enzo Ferrari
80%
L - Actress Sophia Loren
75%
V - Composer Antonio Vivaldi
68%
A - Poet & Philosopher Dante Alighieri
65%
B - Tenor Singer Andrea Bocelli
63%
M - Diplomat & Philosopher Niccolò Machiavelli
60%
U - Monarch King Umberto I
59%
T - Footballer Francesco Totti
48%
I - Footballer Filippo Inzaghi
44%
R - Racing Driver Valentino Rossi
43%
S - Tennis Player Jannik Sinner
41%
P - Composer Giacomo Puccini
38%
E - Monarch King Victor Emmanuel II
35%
Z - Footballer Dino Zoff
33%
K - Footballer Moise Kean
30%
J - Sprinter Marcell Jacobs
26%
H - Actor & Director Terence Hill
26%
Q - Poet & Translator Salvatore Quasimodo
15%
N - Aviator & Arctic Explorer Umberto Nobile
4%
W - Luger & Bobsleigh Pilot Gerda Weissensteiner
3%
X - Sculptor Ettore Ximenes
2%
Y - Organist & Composer Pietro Yon
2%
O - Composer Riz Ortolani
2%
No matching quizzes found
Score Distribution
Percent of People with Each Score
Percentile by Number Answered
Your Score History
You have not taken this quiz